Japanese blue collar : The changing tradition
Examines the current state of Japanese industry in terms of the opportunities, wages, and benefits available to the blue collar worker and assesses his burgeoning strength as a social and economic force.
Guardat en:
| Autor principal: | |
|---|---|
| Format: | Llibre |
| Idioma: | Undetermined |
| Publicat: |
Berkeley
University of California Press
1971
|
| Matèries: | |
| Etiquetes: |
Afegir etiqueta
Sense etiquetes, Sigues el primer a etiquetar aquest registre!
|
| Thư viện lưu trữ: | Trung tâm Học liệu Trường Đại học Cần Thơ |
|---|
| LEADER | 00797nam a2200217Ia 4500 | ||
|---|---|---|---|
| 001 | CTU_228705 | ||
| 008 | 210402s9999 xx 000 0 und d | ||
| 082 | |a 301 | ||
| 082 | |b C689 | ||
| 100 | |a Cole, Robert E. | ||
| 245 | 0 | |a Japanese blue collar : | |
| 245 | 4 | |b The changing tradition | |
| 245 | 0 | |c Robert E. Cole | |
| 260 | |a Berkeley | ||
| 260 | |b University of California Press | ||
| 260 | |c 1971 | ||
| 520 | |a Examines the current state of Japanese industry in terms of the opportunities, wages, and benefits available to the blue collar worker and assesses his burgeoning strength as a social and economic force. | ||
| 650 | |a Giai cấp công nhân,Working class | ||
| 650 | |z Nhật Bản,Japan | ||
| 910 | |b dqhieu | ||
| 980 | |a Trung tâm Học liệu Trường Đại học Cần Thơ | ||